000 03838nam a22003497a 4500
005 20100218134134.0
010 _aB-396181-192
020 _a9788189790745
_c200.00
035 _aB-396181-192
037 _bPUB
037 _bपैन्सी बुक्स/ VEN
082 _a821
100 _aशर्मा, योगेंद्रनाथ 'अरूण'
_922565
245 _aवैदुष्यमणि विद्योत्तमाः
_cयोगेंद्रनाथ शर्मा 'अरूण'
_b(नारी की गौरव-गाथा का काव्य) /
260 _aबिजनौर
_bहिंदी साहित्य निकेतन
_c2010
270 _a16 साहित्य विहार
_bबिजनौर (उ.प्र.)
_k01342 263232
_l01342 262375
300 _a103पृ
_c22सेमी (सजिल्द)
942 _2ddc
_cHN
_mशर्मायो
_h821
999 _c34115
_d34115